000 00315nam a2200133Ia 4500
005 20251222141947.0
008 251222s9999||||xx |||||||||||||| ||spa||
082 _aREF.330.03/H37
100 _aHeller, Wolfgang
245 0 _aDiccionario de Economía Política
250 _a3a.ed.
264 _bLabor
942 _cLIB
999 _c9552
_d9552